Sir Thursday / (Record no. 13542)
[ view plain ]
| 000 -LEADER | |
|---|---|
| fixed length control field | 02582nam a22003857a 4500 |
| 005 - DATE AND TIME OF LATEST TRANSACTION | |
| control field | 20080807142752.0 |
| 008 - FIXED-LENGTH DATA ELEMENTS--GENERAL INFORMATION | |
| fixed length control field | 080807t xxu||||| |||| 00| 0 eng d |
| 010 ## - LCCN (DPL NO) | |
| LC control number | B-281903-914 |
| 020 ## - INTERNATIONAL STANDARD BOOK NUMBER | |
| International Standard Book Number | 0439436575 |
| Terms of availability | 250.00 |
| 035 ## - SYSTEM CONTROL NUMBER | |
| System control number | B-281903-914 |
| 040 ## - CATALOGING SOURCE | |
| Original cataloging agency | DPL |
| Language of cataloging | EN |
| 082 ## - DEWEY DECIMAL CLASSIFICATION NUMBER | |
| Classification number | N |
| 100 ## - MAIN ENTRY--PERSONAL NAME | |
| Personal name | Nix, Garth |
| 245 ## - TITLE STATEMENT | |
| Title | Sir Thursday / |
| Statement of responsibility, etc | by Garth Nix |
| 260 ## - PUBLICATION, DISTRIBUTION, ETC. (IMPRINT) | |
| Name of publisher, distributor, etc | Scholastic Inc. |
| Date of publication, distribution, etc | 2007(repr.). |
| Place of publication, distribution, etc | New York |
| 270 ## - ADDRESS | |
| Address | 557 Broadway |
| City | New York |
| 270 ## - ADDRESS | |
| Address | 550 A, Pace City-II, Sector - 37, (Vender) |
| City | Gurgaon |
| Postal code | 122004 |
| Telephone number | 2212432 |
| 300 ## - PHYSICAL DESCRIPTION | |
| Extent | Book-4 (344p.) |
| Dimensions | 20 cm (pbk) |
| Other physical details | |
| 490 ## - SERIES STATEMENT | |
| Series statement | Keys to the Kingdom |
| 942 ## - ADDED ENTRY ELEMENTS (KOHA) | |
| Item type | Children Books |
| Classification part | N |
| Source of classification or shelving scheme | Dewey Decimal Classification |
| Call number suffix | NIX |
| Withdrawn status | Lost status | Damaged status | Not for loan | Collection code | Home library | Current library | Date acquired | Cost, normal purchase price | Total Checkouts | Full call number | Barcode | Date last seen | Copy number | Cost, replacement price | Koha item type | Source of classification or shelving scheme | Source of acquisition |
|---|---|---|---|---|---|---|---|---|---|---|---|---|---|---|---|---|---|
| Fiction | Bagh Kadhe Khan | Bagh Kadhe Khan | 07/08/2008 | 250.00 | N NIX | B-281911 | 15/09/2008 | 1 | 250.00 | Children Books | |||||||
| Fiction | Bawana | Bawana | 07/08/2008 | 250.00 | 1 | N NIX | B-281909 | 10/04/2019 | 1 | 250.00 | Children Books | Dewey Decimal Classification | |||||
| Fiction | Bawana | Bawana | 07/08/2008 | 250.00 | N NIX | B-281913 | 15/09/2008 | 1 | 250.00 | Children Books | |||||||
| Fiction | Central Library | Central Library | 12/06/2008 | 250.00 | N NIX | B-281903 | 15/09/2008 | 1 | 250.00 | Children Books | |||||||
| Fiction | Jor Bagh (Children Lib) | Jor Bagh (Children Lib) | 07/08/2008 | 250.00 | N NIX | B-281908 | 15/09/2008 | 1 | 250.00 | Children Books | |||||||
| Fiction | Kasturba Gandhi Marg | Kasturba Gandhi Marg | 07/08/2008 | 200.00 | N NIX | B-281905 | 15/09/2008 | 1 | 250.00 | Children Books | |||||||
| Fiction | Narela | Narela | 07/08/2008 | 250.00 | N NIX | B-281912 | 15/09/2008 | 1 | 250.00 | Children Books | |||||||
| Written off | Written-off vide DLB M. No. 388 dt 23.02.22 | Fiction | New Rohtak Road | New Rohtak Road | 07/08/2008 | 250.00 | N NIX | B-281910 | 15/09/2008 | 1 | 250.00 | Children Books | Dewey Decimal Classification | ||||
| Fiction | Patel Nagar | Patel Nagar | 07/08/2008 | 250.00 | N NIX | B-281904 | 15/09/2008 | 1 | 250.00 | Children Books | |||||||
| Fiction | Peshwa Road | Peshwa Road | 07/08/2008 | 250.00 | 1 | N NIX | B-281906 | 16/08/2023 | 1 | 250.00 | Children Books | ||||||
| Fiction | Sarojini Nagar | Sarojini Nagar | 07/08/2008 | 250.00 | N NIX | B-281907 | 15/09/2008 | 1 | 250.00 | Children Books | |||||||
| Fiction | Shahdara Branch | Shahdara Branch | 07/08/2008 | 250.00 | N NIX | B-281914 | 15/09/2008 | 1 | 250.00 | Children Books | |||||||
| Fiction | Vinoba Puri | Vinoba Puri | 16/09/2008 | 250.00 | 9 | N NIX | B-285431 | 16/03/2017 | 1 | 250.00 | Children Books | Dewey Decimal Classification | Scholastic/TR-A-00265/2.9.08/213/21.7.08/11.9.08 |
